000 00868nam a2200253 i 4500
001 172057
003 ES-MaACL
005 20250808062824.0
008 090612s1989 sp |||| | spa d
017 _aM 24089-1989
020 _a84-220-1354-1
100 0 _aJuan Duns Escoto
_cBeato.
_967117
245 1 0 _aTratado acerca del Primer Principio /
_cJuan Duns Escoto ; versión, introducción y notas por Félix Alluntis.
250 _aEd. bilingüe.
260 _aMadrid :
_bLa Editorial Católica,
_c1989.
300 _aXI, 223 p., 1 h. ;
_c20 cm.
490 1 _aBiblioteca de autores cristianos ;
_v503
546 _aTexto latino y traducción en español.
700 1 _aAlluntis, Félix.
_9140653
830 0 0 _aBiblioteca de autores cristianos
_v503
_9178679
852 _aES-MaACL
_jJ-490
_9R.46092
999 _c172057
_d172057